Catálogo

Vista normal Vista MARC

Entrada Personal Name

Número de registros utilizados en: 1

001 - CONTROL NUMBER

  • control field: 10946

003 - CONTROL NUMBER IDENTIFIER

  • control field: DLC

005 - DATE AND TIME OF LATEST TRANSACTION

  • control field: 20201117123247.0

008 - FIXED-LENGTH DATA ELEMENTS

  • fixed length control field: 011227n| azannaabn |a aaa

010 ## - LIBRARY OF CONGRESS CONTROL NUMBER

  • LC control number: n 2001147705

035 ## - SYSTEM CONTROL NUMBER

  • System control number: (OCoLC)oca05656618

040 ## - CATALOGING SOURCE

  • Original cataloging agency: DLC
  • Language of cataloging: spa
  • Description conventions: rda
  • Transcribing agency: Mx-PuUPA
  • Modifying agency: DLC
  • Modifying agency: MoSU
  • Modifying agency: Mx-PuUPA

046 ## - SPECIAL CODED DATES

  • Birth date: 1967

053 #0 - LC CLASSIFICATION NUMBER

  • Classification number element--single number or beginning number of span: PQ6716.O79

100 1# - HEADING--PERSONAL NAME

  • Personal name: Posteguillo, Santiago,
  • Dates associated with a name: 1967-

370 ## - ASSOCIATED PLACE

  • Place of birth: Valencia (España)
  • Associated country: Spain
  • Other associated place: Castellón de la Plana (España)
  • Source of term: naf

372 ## - FIELD OF ACTIVITY

  • Field of activity: Filología Inglesa
  • Field of activity: Ficción histórica
  • Source of term: lcsh

373 ## - ASSOCIATED GROUP

  • Associated group: Universitat Jaume I. Departament de Filologia
  • Source of term: naf

374 ## - OCCUPATION

  • Occupation: Filólogo
  • Occupation: Profesor de ingles
  • Occupation: Profesor universitario
  • Occupation: Novelista
  • Source of term: lcsh

377 ## - ASSOCIATED LANGUAGE

  • Language code: cat
  • Language code: spa
  • Language code: eng

400 1# - SEE FROM TRACING--PERSONAL NAME

  • Control subfield: nne
  • Personal name: Posteguillo, S.
  • Fuller form of name: (Santiago)
  • Dates associated with a name: 1967-

400 1# - SEE FROM TRACING--PERSONAL NAME

  • Personal name: Posteguillo Gómez, Santiago,
  • Dates associated with a name: 1967-

400 1# - SEE FROM TRACING--PERSONAL NAME

  • Personal name: Gómez, Santiago Posteguillo,
  • Dates associated with a name: 1967-

670 ## - SOURCE DATA FOUND

  • Source citation: Methodology and new technologies in languages for specific purposes, 2001:
  • Information found: title page (Posteguillo, S. [co-editor]) title page verso (library CIP record: Posteguillo Gómez, Santiago)

670 ## - SOURCE DATA FOUND

  • Source citation: Yo, Julia, 2018:
  • Information found: title page (Santiago Posteguillo) jacket flap (Santiago Posteguillo; professor of philology at the Universidad Jaume I in Castellón; he studied creative writing in the United States and linguistics in the United Kingdom; he is the author of the Africanus trilogy; he holds a doctorate from the Universidad de Valencia)

670 ## - SOURCE DATA FOUND

  • Source citation: Santiago Posteguillo's academic website, viewed March 3, 2020
  • Information found: (Santiago Posteguillo, B.A., Ph. D., Director of English Studies and Vice-Dean of the School of Humanities and Social Sciences; Department of Philology, Universitat Jaume I, Castelló, Spain; co-editor of Methodology and new technologies in languages for specific purposes; co-editor of Discourse analysis and terminology in languages for specific purposes)
  • Uniform Resource Identifier: http://www3.uji.es/~postegui/index.html

670 ## - SOURCE DATA FOUND

  • Source citation: Biblioteca Nacional de España online catalog, viewed March 3, 2020
  • Information found: (authorized access point: Posteguillo, Santiago (1967-); other data in authority record: novelist; philologist; born 1967 in Valencia; research area: English philology; editor of: Discourse analysis and terminology in languages for specific purposes; author of the novel Africanus, el hijo del cónsul)

670 ## - SOURCE DATA FOUND

  • Source citation: Wikipedia, viewed March 3, 2020
  • Information found: (Santiago Posteguillo; Santiago Posteguillo Gómez; born 1967 in Valencia; Spanish philologist, linguist and author; he has become known for a number of novels set in Ancient Rome, especially his Scipio Africanus and Trajan trilogies; he is currently senior lecturer in English Language and Linguistics at the Universitat Jaume I, Castellón, Spain)

670 ## - SOURCE DATA FOUND

  • Source citation: Biblioteca del congreso (Estados Unidos), 07 septiembre 2020:
  • Information found: Catálogo electrónico
  • Uniform Resource Identifier: https://bit.ly/35ek2jr